000 00682nam a2200229 a 4500
001 1255
003 BR-CuiBMT
005 20231205004325.0
008 231201s2012 mtba 000 0 por d
040 _aBR-CuiBMT
_cBR-CuiBMT
080 _22007
_a94
_x(817.2)
090 _a94(817.2)
_bC824h
100 1 _aCorrêa Filho, Virgílio Alves
245 1 0 _aHistória de Mato Grosso /
_cVirgílio Alves Corrêa Filho.
260 _aCuiabá :
_bSEC-MT;
_bIntegrar;
_bDefanti,
_c2012.
300 _a764 p. ;
_c21 cm
490 1 _aColeção memórias históricas
504 _aInclui bibliografia.
650 _aHistória
_zMato Grosso
830 0 _aMemórias históricas
942 _2udc
_cLV
999 _c1255
_d1255